Top 20 U.S. Casino Markets - Statistics

General Stats
  • This quiz has been taken 231 times
  • The average score is 7 of 20
Answer Stats
Annual Revenue Casino Market % Correct
$5.8 billion Las Vegas
99%
$3.6 billion Atlantic City
88%
$684 million Reno/Sparks
73%
$640 million New Orleans
51%
$2.1 billion Chicagoland
48%
$1.4 billion Detroit
47%
$1.1 billion St. Louis
39%
$816 million Philadelphia
36%
$830 million Biloxi, Miss.
34%
$753 million Kansas City
34%
$1.4 billion Connecticut
27%
$531 million Pittsburgh/Meadow Lands
25%
$493 million Downtown Vegas, Nev.
20%
$764 million Shreveport, La.
20%
$926 million Tunica/Lula, Miss.
20%
$757 million Boulder Strip
10%
$639million Lake Charles, La.
10%
$625 million Black Hawk, Colo.
8%
$582 million Yonkers
7%
$676 million Lawrenceburg/Rising Sun/Belterra, Ind.
3%
No matching quizzes found
Score Distribution
Percent of People with Each Score
Percentile by Number Answered
Your Score History
You have not taken this quiz